000 00385pab a2200145 454500
008 180718b1986 xxu||||| |||| 00| 0 eng d
100 _aVlassoff, Caral
245 _aRecent fertility research in China
260 _c1986
300 _a1657-60
362 _a13 Sept.
650 _aBirth Control - China, People's Republic Of
773 _aEconomic and Political Weekly
909 _a4506
999 _c4506
_d4506